Księgozbiór Kazimierza Smogorzewskiego w zbiorach Biblioteki Śląskiej katalog Tom 1

Bibliographic Details
Main Authors: Zgryzek, Barbara (Author), Pracka, Joanna (Author)
Format: Book
Language:Polish
PhysicalDescription:210 s., [1] s. fareb. fotogr. fareb. fotogr. 21 cm
Published: Katowice Biblioteka Śląska 2002
ISBN:8387849197
Edition:[1. wyd.]
Series:Silesianka Przedstawia
Subjects:

MARC

LEADER 00000nam a2200000 a 4500
001 vtls001436716
003 SK-MaSNL
005 20260302020227.0
008 251113s2002 pl a r 0 pol
020 |a 8387849197 
035 |a SNK000391820 
040 |a SNK  |b slo  |c SNK  |e AACR2 
043 |a e-ur--- 
044 |a PL 
072 7 |a 025  |x Organizácia knižníc a knižničných fondov  |2 konspekt 
080 |a 025  |2 1981 
080 |a 32  |2 1981 
080 |a (01)  |2 1981 
080 |a (083.81)  |2 1981 
080 |a (438)  |2 1981 
100 1 |a Zgryzek, Barbara  |4 aut  |9 495181 
245 1 0 |a Księgozbiór Kazimierza Smogorzewskiego w zbiorach Biblioteki Śląskiej  |b katalog  |c Barbara Zgryzek, Joanna Pracka  |n Tom 1 
250 |a [1. wyd.] 
260 |a Katowice  |b Biblioteka Śląska  |c 2002 
300 |a 210 s., [1] s. fareb. fotogr.  |b fareb. fotogr.  |c 21 cm 
490 1 |a Silesianka Przedstawia  |v 3 
600 1 7 |a Smogorzewski, Kazimierz Maciej  |d 1896-1992  |2 SNKMA  |9 495182 
610 2 7 |a Biblioteka Śląska (Katowice, Poľsko)  |2 SNKKA  |9 34776 
650 0 7 |a súkromné knižnice  |2 SNKPH  |9 81622 
650 0 7 |a politika  |2 SNKPH  |9 968 
651 7 |a Poľsko  |2 SNKPHgeo  |9 16755 
655 7 |a zbierky  |2 SNKPH  |9 70533 
655 7 |a bibliografie  |2 SNKPH  |9 28668 
655 7 |a katalógy  |2 SNKPH  |9 60821 
700 1 |a Pracka, Joanna  |4 aut  |9 495183 
830 0 |a Silesianka Przedstawia  |9 495184 
919 |a 83-87849-19-7 
999 |c 1024320  |d 1026250 
952 |t snkKSI/1 025.357  |a SNKUST  |b SNKUST  |y PREZ  |7 0  |p 17A0395562  |o snkIC 130874/1   |i snkV 1065/2003  |g 3.98  |0 0  |1 0  |4 0  |d 2003-11-07  |l 0  |r 2025-04-30 00:00:00  |w 2026-02-24